Western Movies - Sudden Death - Statistics

General Stats
  • This quiz has been taken 3,605 times
  • The average score is 9 of 20
Answers on the Grid
Answers color-coded by a green-red scale on the quiz's grid according to % correct below.
A Fistful of Dollars
Unforgiven
Dances with Wolves
True Grit
The Searchers
Stagecoach
The Wild Bunch
Rio Bravo
Butch Cassidy and the Sundance Kid
High Noon
Back to the Future Part III
The Outlaw Josey Wales
The Magnificent Seven
The Hateful Eight
Blazing Saddles
Once Upon a Time in the West
3:10 to Yuma
The Quick and the Dead
Young Guns
How the West Was Won
12 Angry Men
The Man with the Golden Gun
A Time to Kill
The Dirty Dozen
Unbreakable
The Fast and the Furious
Red Dawn
The River Wild
Yojimbo
Scarface
The Naked Gun
West Side Story
 
Answer Stats
Answer % Correct
Butch Cassidy and the Sundance Kid
62%
Once Upon a Time in the West
60%
A Fistful of Dollars
57%
The Magnificent Seven
57%
Blazing Saddles
53%
High Noon
52%
The Hateful Eight
52%
True Grit
52%
Dances with Wolves
50%
The Outlaw Josey Wales
49%
3:10 to Yuma
47%
How the West Was Won
47%
Rio Bravo
45%
Stagecoach
44%
Unforgiven
44%
The Quick and the Dead
40%
The Wild Bunch
38%
Young Guns
38%
Back to the Future Part III
31%
The Searchers
31%
No matching quizzes found
Score Distribution
Percent of People with Each Score
Percentile by Number Answered
Your Score History
You have not taken this quiz